| 000 | 00601cam a2200217 4500 | ||
|---|---|---|---|
| 001 | ABS68510 | ||
| 008 | 041203n2004 000 0 eng u | ||
| 035 | _a(Sirsi) u128193 | ||
| 245 | _aRegional survey: West End | ||
| 260 | _c2004 | ||
| 490 |
_aProperty Week _v69(45) 5 November 2004, 51-80(13) |
||
| 590 | _aABS | ||
| 590 | _aABS | ||
| 650 | _aWEST END OF LONDON | ||
| 650 | _aPROPERTY-COMMERCIAL PROPERTY-RETAIL PROPERTY-RETAIL PROPERTY MARKET | ||
| 650 | _aPADDINGTON | ||
| 650 | _aMIXED-USE DEVELOPMENTS | ||
| 650 | _aMAYFAIR | ||
| 690 | _aCOMMERCIAL PROPERTY-MARKET | ||
| 942 | _n0 | ||
| 999 |
_c118403 _d118403 |
||